| 000 | 02428nam a2200445 c 4500 | ||
|---|---|---|---|
| 003 | BLK | ||
| 005 | 20180422100154.0 | ||
| 008 | 180408b bul|||||r ||||||| ||bul|| | ||
| 010 | _aKNG00035787000 | ||
| 020 |
_a954-607-342-3 _bиздат.: ЛИК |
||
| 040 | _aBLK | ||
| 041 |
_aBUL _cBUL |
||
| 080 |
_aФактори на икономическото развитие. - Развитие на производството. Технически прогрес. Институционни промени. Структурни промени. Индустриализация. Концентрация. Централизация, децентрализация _b330.341 _x _z330.341 |
||
| 080 |
_aОбщество (в цялост). Обществото като система. - Обществено развитие в цялост. Социология на отделните обществени системи _b316.32 _x _z316.32 |
||
| 080 |
_aСоциално поведение. Социална психология _b316.6 _x _z316.6 |
||
| 100 | 1 |
_aНорт, Дъглас _eпърви автор _9272733 |
|
| 700 | 1 |
_aСтанкова, Боряна _eпрев. от англ. _9272734 |
|
| 700 | 1 |
_aЛеонидов, Атанас _eнауч. ред. _9366916 |
|
| 139 |
_aНорт, Дъглас _bН 91 |
||
| 245 | 1 | 0 |
_aИнституции, институционална промяна и икономически резултати _cДъглас Норт; прев. от англ. Боряна Станкова; науч. ред. Атанас Леонидов. |
| 257 | _aUSA | ||
| 260 |
_аСофия _bЛИК _c2000 |
||
| 300 |
_a208 с. _c20 см |
||
| 380 | _a3 | ||
| 500 | _aОриг. загл. Institutions, Institutional Change and Economic Performance / Douglass C. North. - Офс. изд. - Библиогр. с. 197-202 ; Азб. показалец. | ||
| 504 | _a197-202 | ||
| 650 | 4 |
_aИкономическо развитие - теория _9272735 |
|
| 650 | 4 |
_aОбществено развитие _9245610 |
|
| 650 | 4 |
_aПоведение _9166567 |
|
| 653 | _aинституционализъм | ||
| 653 | _aикономика | ||
| 653 | _aобществено развитие | ||
| 653 | _aикономическо развитие | ||
| 653 | _aповедение | ||
| 852 | _aЦб 208443 | ||
| 856 | 4 |
_qpdf _u |
|
| 856 | 4 |
_qpdf _u |
|
| 942 |
_cKNG _n0 |
||
| 944 |
_aCR _c15.01.2003 _kКети_Илиева |
||
| 944 |
_aED _c07.09.2006 _k |
||
| 999 |
_c33100 _d33100 |
||